[Event "Mechanics' Summer TNM; G/2 d/5"]
[Site "San Francisco"]
[Date "2018.06.12"]
[Round "3.24"]
[White "Olson, David R"]
[Black "Smith III, Robert"]
[Result "0-1"]
[WhiteElo "1400"]
[BlackElo "1820"]
[PlyCount "54"]
[EventDate "2018.??.??"]
[Source "ChessBase"]
[SourceDate "2007.09.04"]

1. Nf3 d5 2. g3 Nf6 3. Bg2 e6 4. O-O Be7 5. c4 c6 6. b3 Nbd7 7. Bb2 b6 8. Na3
Bb7 9. Re1 O-O 10. d3 Rc8 11. Nc2 Qc7 12. e4 dxe4 13. dxe4 e5 14. Rc1 Rcd8 15.
Ng5 Nc5 16. Bxe5 Qxe5 17. f4 Rxd1 18. fxe5 Rxc1 19. Rxc1 Ng4 20. Nf3 Nd3 21.
Rd1 Ngxe5 22. Nfd4 g6 23. a3 Nc5 24. b4 Ne6 25. Ne2 Rd8 26. Rc1 Bg5 27. Rb1 Rd2
0-1

[Event "Mechanics' Vartan Bedjanian TNM; G/2 d/"]
[Site "San Francisco"]
[Date "2018.11.07"]
[Round "3.39"]
[White "Olson, David R"]
[Black "Starr, Albert"]
[Result "1/2-1/2"]
[WhiteElo "1400"]
[BlackElo "1500"]
[Annotator "Winslow,Elliott"]
[PlyCount "96"]
[EventDate "2018.??.??"]
[Source "ChessBase"]
[SourceDate "2007.09.04"]

1. Nf3 e6 2. c4 Nf6 3. g3 d5 4. Bg2 dxc4 5. Qa4+ Bd7 6. Qxc4 Bd6 7. O-O O-O 8.
Qc2 g6 9. d4 Bc6 10. Bg5 Nbd7 11. Nc3 Qc8 12. e4 Be7 13. Rad1 Bb4 14. Ne2 Bxe4
15. Qc1 Re8 16. Ne5 Bxg2 17. Kxg2 Nd5 18. Ng4 Bf8 19. Nf4 Nxf4+ 20. Qxf4 Bg7
21. Nh6+ Bxh6 22. Bxh6 f5 23. Rc1 c6 24. Rfe1 Qb8 25. Qd2 Qd6 26. Qc3 Qd5+ 27.
Kg1 Rac8 28. a3 a5 29. h4 a4 30. Qe3 e5 31. h5 f4 32. gxf4 exf4 33. Qxe8+ Rxe8
34. Rxe8+ Kf7 35. Rce1 Qxh5 36. Bxf4 Qg4+ 37. Bg3 Qg5 38. Rb8 h5 39. Rxb7 Qg4
40. Kh2 h4 41. Bd6 h3 42. Rxd7+ Qxd7 43. Re7+ Qxe7 44. Bxe7 Kxe7 45. Kxh3 {[#]}
Kf6 $4 $18 (45... Kd6 $8 $11 46. Kg4 c5 47. dxc5+ Kxc5 48. Kg5 Kc4 49. Kxg6 Kb3
50. f4 Kxb2 51. f5 Kxa3 52. f6 Kb2 53. f7 a3 54. f8=Q a2 $11) 46. Kg4 g5 47. f4
gxf4 48. Kxf4 Ke6 {Draw???} ({In fact White is winning:} 48... Ke6 49. Ke3 Kd6
50. Kd2 $1 {Kd3 v Kd5 Zugzwang} Kd5 51. Kd3 c5 52. dxc5 Kxc5 53. Kc3 Kb5 54.
Kd4) 1/2-1/2

[Event "Mechanics' Shipman TNM; G/2 d/5"]
[Site "San Francisco"]
[Date "2018.09.04"]
[Round "5.40"]
[White "Olson, David R"]
[Black "Sullivan, George T"]
[Result "1-0"]
[WhiteElo "1416"]
[BlackElo "1016"]
[PlyCount "47"]
[EventDate "2018.??.??"]
[Source "ChessBase"]
[SourceDate "2007.09.04"]

1. Nf3 d5 2. d4 b6 3. g3 e6 4. Bg2 Nf6 5. Ne5 Nbd7 $4 6. Nc6 Bb7 7. Nxd8 Rxd8
8. O-O c5 9. Nc3 a6 10. Bg5 Be7 11. Re1 cxd4 12. Qxd4 h6 13. Bxf6 Bc5 14. Qd2
Nxf6 15. Na4 Nd7 16. Nxc5 Nxc5 17. Rad1 Ke7 18. Qb4 Rd6 19. Qh4+ f6 20. c4 dxc4
21. Rxd6 Kxd6 22. Rd1+ Ke7 23. Qd4 Bxg2 24. Kxg2 1-0

[Event "Mechanics' Summer TNM; G/2 d/5"]
[Site "San Francisco"]
[Date "2018.07.10"]
[Round "7.36"]
[White "Olson, David R"]
[Black "Tobiason, Wolfgang"]
[Result "1/2-1/2"]
[WhiteElo "1400"]
[BlackElo "1280"]
[PlyCount "102"]
[EventDate "2018.??.??"]
[Source "ChessBase"]
[SourceDate "2007.09.04"]

1. Nf3 Nc6 2. c4 e5 3. g3 Bc5 4. Bg2 d6 5. Nc3 Rb8 6. Na4 Bb6 7. O-O Bg4 8. d3
h6 9. Be3 Bxe3 10. fxe3 Nf6 11. Nc3 O-O 12. a3 Ne7 13. Qd2 c6 14. d4 e4 15. Ne1
d5 16. c5 Qd7 17. Nd1 b6 18. Nf2 Be6 19. b4 Ng4 20. Nxg4 Bxg4 21. Rf2 g5 22.
Bh1 Ng6 23. Ng2 Bh3 24. Raf1 Kg7 25. Rf6 Rbe8 26. cxb6 axb6 27. Qe1 Re6 28. Qf2
Qe7 29. Rxe6 Qxe6 30. Rc1 Rc8 31. Ne1 Qf5 32. Qxf5 Bxf5 33. Ng2 Bg4 34. Kf2 f6
35. a4 Ne7 36. h4 Ra8 37. Ra1 Rc8 38. a5 bxa5 39. bxa5 c5 40. a6 c4 41. Ne1 Ra8
42. Nc2 Nc6 43. Ke1 Bc8 44. a7 Rxa7 45. Rb1 Rb7 46. Ra1 Nb4 47. Nxb4 Rxb4 48.
Ra7+ Rb7 49. Ra1 Bg4 50. Bg2 Rc7 51. Ra5 Be6 {Black is winning here, but the
game was eventually drawn. Remaining moves unavailable.} 1/2-1/2

[Event "Mechanics' Bedjanian TNM; G/2 d/5"]
[Site "San Francisco"]
[Date "2018.12.04"]
[Round "7.38"]
[White "Otterbach, Renate"]
[Black "Abdi, Mehron Edward"]
[Result "1-0"]
[WhiteElo "1287"]
[BlackElo "1142"]
[PlyCount "69"]
[EventDate "2018.??.??"]
[Source "ChessBase"]
[SourceDate "2007.09.04"]

1. e4 e5 2. Nf3 Bd6 3. Bc4 Qf6 4. d3 Bb4+ 5. c3 Bc5 6. O-O d6 7. d4 exd4 8.
cxd4 Bb6 9. e5 Qg6 10. Re1 Ne7 11. exd6 cxd6 12. Bg5 f6 13. Bf4 f5 14. Nc3 Bc7
15. Nd5 Bd8 16. Bg5 Nbc6 17. Bb5 Qf7 18. Bxc6+ bxc6 19. Nxe7 Be6 20. Nxc6 Bc7
21. d5 O-O 22. dxe6 Qh5 23. Qd5 Kh8 24. e7 Rfe8 25. Qxf5 h6 26. Qd7 Rac8 27.
Bf4 Bb6 28. Be3 Bc7 29. Bxa7 g5 30. Bd4+ Kh7 31. Qf5+ Qg6 32. Qxg6+ Kxg6 33.
Re6+ Kh5 34. Bg7 g4 35. Rxh6# 1-0

[Event "Mechanics' Winter TNM; G/2 d5"]
[Site "San Francisco"]
[Date "2018.02.27"]
[Round "8.52"]
[White "Otterbach, Renate"]
[Black "Bayaraa, Timothy"]
[Result "0-1"]
[WhiteElo "1166"]
[BlackElo "973"]
[PlyCount "20"]
[EventDate "2018.??.??"]
[Source "ChessBase"]
[SourceDate "2007.09.04"]

1. d4 d5 2. Bf4 Nc6 3. e3 Bf5 4. Nf3 e6 5. Nh4 $2 Qxh4 6. Bxc7 Qe7 7. Bf4 Qb4+
8. c3 Qxb2 9. Nd2 Ba3 10. Rb1 $2 Bxb1 0-1

[Event "Mechanics' Spring TNM; G/2 d5"]
[Site "San Francisco"]
[Date "2018.03.20"]
[Round "1.32"]
[White "Otterbach, Renate"]
[Black "Cendejas, Juan Rod"]
[Result "0-1"]
[WhiteElo "1082"]
[BlackElo "1716"]
[Annotator "Donaldson"]
[PlyCount "44"]
[EventDate "2018.??.??"]
[Source "ChessBase"]
[SourceDate "2007.09.04"]

1. d4 Nf6 2. Bf4 d5 3. e3 e6 4. Nf3 Bd6 5. Ne5 O-O 6. Nd2 c5 7. c3 Nc6 8. Bd3
c4 $6 9. Bc2 Ne7 10. a4 (10. O-O) (10. Bg5 Ng6 11. f4) 10... Ng6 11. Bxg6 (11.
Bg3) 11... fxg6 12. Ndf3 (12. h3) 12... Nh5 13. Bg5 (13. Bg3) 13... Qc7 14. Qc2
Bd7 15. Nxd7 $6 (15. O-O) 15... Qxd7 16. Ne5 (16. O-O) 16... Bxe5 17. dxe5 Qf7
18. g4 h6 19. Bh4 (19. Bxh6 gxh6 20. gxh5 g5 21. O-O-O Qxh5 $11) 19... g5 20.
Bg3 $2 {Diagram [#]} (20. gxh5 gxh4 21. Qe2 $11) 20... Qf3 $1 21. gxh5 (21. Rg1
Qxg4 $19) 21... Qxh1+ 22. Ke2 Qxa1 0-1

[Event "Mechanics' Winter TNM; G/2 d5"]
[Site "San Francisco"]
[Date "2018.01.16"]
[Round "2.46"]
[White "Otterbach, Renate"]
[Black "Cunningham, Charles"]
[Result "0-1"]
[WhiteElo "1166"]
[BlackElo "1406"]
[PlyCount "40"]
[EventDate "2018.??.??"]
[Source "ChessBase"]
[SourceDate "2007.09.04"]

1. d4 e6 2. Bf4 Nf6 3. e3 h6 4. h3 b6 5. Be2 Bb7 6. Nf3 c5 7. c3 cxd4 8. exd4
Nc6 9. Nbd2 d6 10. O-O d5 11. Re1 Bd6 12. Ne5 O-O 13. Bd3 Ne7 14. Qc2 a5 15. a4
Ba6 16. Bxa6 Rxa6 17. Qd3 Ra8 18. Bxh6 $2 gxh6 19. Qg3+ Ng6 20. Nxg6 Bxg3 0-1

[Event "Mechanics' Spring TNM; G/2 d5"]
[Site "San Francisco"]
[Date "2018.04.10"]
[Round "4.52"]
[White "Otterbach, Renate"]
[Black "Enkhjargal, Gabiel"]
[Result "1/2-1/2"]
[WhiteElo "1082"]
[BlackElo "943"]
[Annotator "Donaldson"]
[PlyCount "120"]
[EventDate "2018.??.??"]
[Source "ChessBase"]
[SourceDate "2007.09.04"]

1. d4 d5 2. Bf4 Bf5 3. c3 Nf6 4. e3 c5 5. Bb5+ Nc6 6. Nf3 e6 7. Nbd2 Be7 8. Nh4
Bg4 9. Qc2 Nh5 10. Nhf3 Nxf4 11. exf4 O-O 12. Ne5 Bf5 13. Qd1 Qb6 14. a4 a6 15.
Nd7 (15. Bxc6 bxc6 16. Nd7 Qxb2 17. Nxf8 cxd4 18. cxd4 Rxf8 19. O-O Qxd4 $19)
15... Qc7 16. Nxf8 $2 (16. Bxc6 bxc6 (16... Rfd8 17. Nxc5 bxc6) 17. Nxf8 Bxf8
$11) 16... axb5 17. Nxe6 Bxe6 18. axb5 Na5 19. Qf3 Re8 20. O-O Bd6 21. f5 Bxh2+
22. Kh1 Bd7 23. b6 Qf4 24. Qxf4 $2 (24. Rxa5 Qxd2 25. Kxh2) 24... Bxf4 25. Nf3
Nb3 26. Ra7 Bxf5 27. Rxb7 h6 28. Ne5 cxd4 29. Rxf7 Rxe5 30. b7 Re8 $2 (30...
Re1 $1 31. Rxe1 Kxf7) 31. Rxf5 Bc7 32. Rxd5 dxc3 33. bxc3 Rb8 34. Rb5 Na5 35.
Rfb1 (35. Rd1) 35... Kf7 36. f4 (36. Rc5 $1 Bd8 37. Rc8 {wins.}) 36... Ke7 37.
Rc5 Kd6 38. Rbb5 Nc6 39. Rd5+ Ke6 40. f5+ Ke7 41. g4 Nd8 42. c4 Nxb7 43. c5 Nd8
44. Rxb8 Bxb8 45. Kg2 Ba7 46. Kf3 Nc6 47. Ke4 Nb4 48. Re5+ Kd7 49. Kf3 Na6 50.
Kg2 Nxc5 51. Rd5+ Ke7 52. Kh3 Nd7 53. Kh4 Nf6 54. Re5+ Kf7 55. Kh3 g5 56. fxg6+
Kxg6 57. Ra5 Bb6 58. Ra8 Be3 59. Ra6 Bg5 60. Kg3 Kf7 1/2-1/2

[Event "Mechanics' Shipman TNM; G/2 d/5"]
[Site "San Francisco"]
[Date "2018.08.14"]
[Round "2.33"]
[White "Otterbach, Renate"]
[Black "Francis, Daniel E"]
[Result "0-1"]
[WhiteElo "1082"]
[BlackElo "1566"]
[PlyCount "82"]
[EventDate "2018.??.??"]
[Source "ChessBase"]
[SourceDate "2007.09.04"]

1. e4 e5 2. Nf3 Nc6 3. d4 exd4 4. Bc4 Nf6 5. e5 Ng4 6. Bxf7+ Kxf7 7. Ng5+ Ke8
8. Qxg4 d6 9. Qe2 dxe5 10. O-O Be7 11. Nf3 Bf6 12. Nbd2 Bf5 13. Nc4 Qe7 14. Qd2
Be4 15. Ng5 Bd5 16. b3 Bxg5 17. Qxg5 Qxg5 18. Bxg5 Bxc4 19. bxc4 Kf7 20. Rae1
Rhe8 21. Bd2 Rab8 22. a4 a6 23. Re4 Re6 24. f4 Rf6 25. fxe5 Rxf1+ 26. Kxf1 Ke6
27. g4 b5 28. cxb5 axb5 29. c3 bxa4 30. cxd4 a3 31. Re1 Nxd4 32. Bc3 Nb5 33.
Ba1 Rd8 34. Ke2 Nd4+ 35. Bxd4 Rxd4 36. Kf3 a2 37. Ra1 Ra4 38. Kg3 Kxe5 39. Re1+
Kd4 40. Ra1 Kc3 41. Rf1 a1=Q 0-1

[Event "Mechanics' Winter TNM; G/2 d5"]
[Site "San Francisco"]
[Date "2018.01.30"]
[Round "4.51"]
[White "Otterbach, Renate"]
[Black "Lilles, Alex Pierre"]
[Result "0-1"]
[WhiteElo "1166"]
[BlackElo "1591"]
[PlyCount "60"]
[EventDate "2018.??.??"]
[Source "ChessBase"]
[SourceDate "2007.09.04"]

1. d4 d5 2. Bf4 Nf6 3. e3 c5 4. c3 c4 5. Be2 Nc6 6. Nd2 Bf5 7. h3 e6 8. Ngf3
Bd6 9. Ne5 O-O 10. Ndf3 Qc7 11. O-O Ne7 12. Nh4 b5 13. Rc1 a5 14. b3 Nd7 15.
Nxf5 exf5 16. bxc4 bxc4 17. Nxd7 Qxd7 18. Qd2 Rfb8 19. Rb1 Bxf4 20. Rxb8+ Rxb8
21. exf4 Qd6 22. g3 Qa3 23. Re1 Rb2 24. Qe3 Kf8 25. Bf3 g6 26. Bxd5 $2 Nxd5 27.
Qe8+ Kg7 28. Qe5+ Nf6 29. d5 Qc5 30. Kf1 Qxd5 0-1

[Event "Mechanics' Shipman TNM; G/2 d/5"]
[Site "San Francisco"]
[Date "2018.09.11"]
[Round "6.19"]
[White "Otterbach, Renate"]
[Black "Marcus, Joel"]
[Result "0-1"]
[WhiteElo "1082"]
[BlackElo "1900"]
[Annotator "Winslow,Elliott"]
[PlyCount "108"]
[EventDate "2018.??.??"]
[Source "ChessBase"]
[SourceDate "2007.09.04"]

1. e4 d6 2. d4 Nf6 3. Bd3 e5 4. c3 Nbd7 5. Nf3 Be7 6. O-O c6 7. Be3 Qc7 8. Nbd2
h6 9. Nh4 g6 10. Ndf3 Nf8 11. h3 $2 {[#]} (11. Bc2) (11. Qc2) (11. Qe2) 11...
g5 $1 12. Nf5 $6 (12. dxe5 dxe5 13. Nf5 Bxf5 14. exf5 O-O-O 15. Qb1 Rxd3 16.
Qxd3 e4) 12... Bxf5 $19 13. dxe5 dxe5 $6 (13... Nxe4 14. Qc2 d5 15. c4 Ne6) 14.
exf5 e4 $2 (14... O-O-O $1 15. Qc2 Rxd3 16. Qxd3 e4 $17) 15. Bxe4 Nxe4 16. Bd4
(16. Re1) 16... Nf6 $2 (16... O-O-O 17. Re1 c5) 17. Bxf6 Bxf6 18. Re1+ Be7 19.
f6 $16 Ne6 20. fxe7 Qxe7 21. Qd2 (21. Re3 $1) 21... O-O 22. Rad1 (22. Ne5) (22.
Re5) 22... Rad8 23. Qe3 Qf6 $2 (23... Qc5) (23... a5) (23... Rxd1 24. Rxd1 a6)
24. Qe5 $2 (24. Qxa7 $16) 24... Qg6 $6 (24... Qxe5 $11) 25. Rxd8 Rxd8 26. Nd4
Nxd4 27. cxd4 Qg7 28. Qxg7+ Kxg7 29. Rd1 $2 (29. Re7 b5 30. Rxa7 Rxd4 $11)
29... Kf6 (29... c5 $1 $17) 30. g4 $2 (30. Kf1) 30... Ke6 $2 (30... c5) 31. Kg2
Kd6 (31... Kd5) 32. Kf3 Re8 33. Rd3 Kd5 34. Re3 Re6 35. Rxe6 $6 (35. Ra3 a6 36.
Rb3 b5 37. Ra3) 35... fxe6 36. Ke3 e5 37. dxe5 Kxe5 38. f3 c5 39. h4 $2 gxh4
40. f4+ Kf6 41. Kf3 b5 42. Kg2 a5 43. Kh3 a4 44. Kxh4 a3 45. b3 c4 46. Kh5 cxb3
47. Kxh6 bxa2 48. g5+ Kf5 49. g6 a1=Q 50. Kh7 Qh1+ 51. Kg7 Qg2 52. Kh8 Kxg6 53.
f5+ Kxf5 54. Kh7 Kf6 0-1

[Event "Mechanics' Bedjanian TNM; G/2 d/5"]
[Site "San Francisco"]
[Date "2018.12.11"]
[Round "8.37"]
[White "Otterbach, Renate"]
[Black "McEnroe, Glenn"]
[Result "0-1"]
[WhiteElo "1287"]
[BlackElo "1508"]
[PlyCount "42"]
[EventDate "2018.??.??"]
[Source "ChessBase"]
[SourceDate "2007.09.04"]

1. e4 e6 2. d4 d5 3. exd5 exd5 4. Nf3 Nf6 5. Bd3 Bg4 6. Nbd2 Bd6 7. c3 O-O 8.
O-O Nbd7 9. Qc2 Re8 10. Bf5 Bxf5 11. Qxf5 c6 12. Nb3 Ne4 13. Bg5 Ndf6 14. Bf4
g6 15. Qh3 Bxf4 16. Nc5 Nxc5 17. dxc5 Kg7 18. Nd4 Qd7 19. Qxd7 Nxd7 20. b4 Bd2
21. a3 Bxc3 0-1

[Event "Mechanics' Shipman TNM; G/2 d/5"]
[Site "San Francisco"]
[Date "2018.08.28"]
[Round "4.35"]
[White "Otterbach, Renate"]
[Black "Morgan, Jerry D"]
[Result "1-0"]
[WhiteElo "1082"]
[BlackElo "1520"]
[PlyCount "47"]
[EventDate "2018.??.??"]
[Source "ChessBase"]
[SourceDate "2007.09.04"]

1. e4 Nf6 2. e5 Nd5 3. d4 d6 4. Bc4 Nb6 5. Bb3 d5 6. Ne2 e6 7. O-O c5 8. c4
dxc4 9. Bc2 Nc6 10. Be3 cxd4 11. Bxd4 Nd5 12. a3 b5 13. Nec3 Nxc3 14. Bxc3 Bb7
15. Qf3 Be7 16. Nd2 O-O 17. Qh3 g6 18. Rad1 Qb6 19. Ne4 Rfd8 20. Nf6+ Bxf6 21.
exf6 Kh8 22. Qh6 Rg8 23. Rd7 Raf8 {Diagram [#]} 24. Bxg6 $3 1-0

[Event "Mechanics' Shipman TNM; G/2 d/5"]
[Site "San Francisco"]
[Date "2018.09.18"]
[Round "7.25"]
[White "Otterbach, Renate"]
[Black "Rakonitz, David"]
[Result "0-1"]
[WhiteElo "1082"]
[BlackElo "1775"]
[Annotator "Winslow,Elliott"]
[PlyCount "70"]
[EventDate "2018.??.??"]
[Source "ChessBase"]
[SourceDate "2007.09.04"]

1. e4 e6 2. d4 d5 3. Nc3 Bb4 4. Bd2 dxe4 5. Nxe4 Qxd4 6. Bd3 Bxd2+ 7. Nxd2 Nf6
8. Ngf3 Qg4 9. Qe2 Nc6 10. h3 Qb4 11. O-O O-O 12. Ne4 Nxe4 13. Bxe4 Nd4 14.
Bxh7+ Kxh7 15. Qe4+ g6 16. Nxd4 c5 17. c3 Qxb2 18. Qh4+ Kg7 19. Nf3 Qxc3 20.
Rac1 Qa5 21. Ng5 Rh8 22. Qf4 f6 23. Ne4 Qd8 24. Rxc5 e5 25. Qc1 $18 Be6 26.
Rc7+ Kg8 27. Rd1 Qf8 28. Rd6 Re8 {[#]} 29. Qc3 (29. Rxe6 Rxe6 30. Qc4) 29... f5
30. Ng5 $4 (30. Qxe5) 30... Qxd6 31. Rxb7 Re7 32. Nxe6 Qxe6 33. Rb8+ Kg7 34.
Rxh8 Kxh8 35. Qd2 Kg7 0-1

[Event "Mechanics' Winter TNM; G/2 d5"]
[Site "San Francisco"]
[Date "2018.02.13"]
[Round "6.52"]
[White "Otterbach, Renate"]
[Black "Rushton, Peter"]
[Result "0-1"]
[WhiteElo "1166"]
[BlackElo "1142"]
[PlyCount "50"]
[EventDate "2018.??.??"]
[Source "ChessBase"]
[SourceDate "2007.09.04"]

1. d4 d5 2. Bf4 Nf6 3. e3 Bf5 4. c3 e6 5. Qb3 b6 6. Nf3 Ne4 7. Nbd2 Be7 8. c4
O-O 9. cxd5 exd5 10. Rc1 c5 11. Bb5 a6 12. Be2 Nc6 13. Nxe4 c4 14. Qd1 Bxe4 15.
a3 b5 16. b4 a5 17. O-O axb4 18. axb4 Bxb4 19. Ne5 Nxe5 20. Bxe5 Qb6 21. Bf3
Bd3 22. Be2 Bxe2 23. Qxe2 c3 24. Rb1 Ba3 25. Qd3 b4 {
Black later won. Remaining moves unavailable.} 0-1

[Event "Mechanics' Bedjanian TNM; G/2 d/5"]
[Site "San Francisco"]
[Date "2018.10.23"]
[Round "1.26"]
[White "Otterbach, Renate"]
[Black "Smith III, Robert"]
[Result "0-1"]
[WhiteElo "1287"]
[BlackElo "1819"]
[PlyCount "62"]
[EventDate "2018.??.??"]
[Source "ChessBase"]
[SourceDate "2007.09.04"]

1. e4 c6 2. d4 d5 3. exd5 cxd5 4. Bd3 Nf6 5. Bf4 Bg4 6. f3 Bh5 7. Nc3 a6 8.
Nge2 e6 9. Be5 Bg6 10. Nf4 Bxd3 11. Nxd3 Nbd7 12. Bf4 Be7 13. Qd2 Rc8 14. Qf2
b5 15. O-O O-O 16. a3 Nb6 17. Ne5 Nc4 18. Nxc4 bxc4 19. g4 Qb6 20. Na4 Qb5 21.
Nc3 Qxb2 22. Bd2 Qxc2 23. Rfe1 Rfe8 24. Rab1 Bxa3 25. Qh4 Qxd2 26. Ne2 h6 27.
f4 Ne4 28. Kh1 Be7 29. g5 hxg5 30. fxg5 Bxg5 31. Qg4 Nf2+ 0-1

[Event "Mechanics' Spring TNM; G/2 d5"]
[Site "San Francisco"]
[Date "2018.05.08"]
[Round "8.13"]
[White "Pane, Gianluca"]
[Black "Argo, Guy"]
[Result "0-1"]
[WhiteElo "1811"]
[BlackElo "1951"]
[PlyCount "60"]
[EventDate "2018.??.??"]
[Source "ChessBase"]
[SourceDate "2007.09.04"]

1. d4 e6 2. c4 f5 3. Nc3 Bb4 4. Bd2 Nf6 5. f3 O-O 6. a3 Bxc3 7. Bxc3 d5 8. e3
dxc4 9. Bxc4 Nd5 10. Bxd5 exd5 11. Ne2 Re8 12. Qd2 Qg5 13. Kf2 Be6 14. Rac1 Nd7
15. Bb4 c6 16. Bd6 Bf7 17. Bg3 Nb6 18. b3 Qe7 19. a4 Rac8 20. Nf4 Nd7 21. Nd3
b6 22. b4 Qd8 23. Rc2 Re6 24. Rhc1 Be8 25. Nf4 Rd6 26. Qd3 g5 27. Qxf5 gxf4 28.
Qxf4 Rg6 29. Bh4 Qc7 30. Qxc7 Rxc7 {Chances are about equal. Black later won
in a crazy time scramble. Remaining moves unavailable.} 0-1

[Event "Mechanics' Summer TNM; G/2 d/5"]
[Site "San Francisco"]
[Date "2018.06.17"]
[Round "8.17"]
[White "Pane, Gianluca"]
[Black "Bhattacharjee, Shiva"]
[Result "1-0"]
[WhiteElo "1847"]
[BlackElo "1614"]
[PlyCount "63"]
[EventDate "2018.??.??"]
[Source "ChessBase"]
[SourceDate "2007.09.04"]

1. d4 Nf6 2. c4 d6 3. Nf3 g6 4. Nc3 Bg7 5. Bg5 O-O 6. e3 Nbd7 7. Qc2 c6 8. Be2
Re8 9. Rd1 Qa5 10. O-O e5 11. Bh4 e4 12. Nd2 d5 13. cxd5 Nxd5 14. Ndxe4 N7f6
15. Nd6 Nxc3 16. bxc3 Bf5 17. Nxf5 gxf5 18. Bxf6 Bxf6 19. Bd3 Kg7 20. Bxf5 Qc7
21. Qe2 Rg8 22. e4 Qf4 23. Rd3 Kh8 24. Qh5 Rg7 25. Rh3 Qg5 26. Qxg5 Bxg5 27. f4
Be7 28. Rb1 Rag8 29. Rb2 Ba3 30. Rf2 Bc1 31. Kf1 b6 32. Ke2 1-0

[Event "Mechanics' Spring TNM; G/2 d5"]
[Site "San Francisco"]
[Date "2018.04.03"]
[Round "3.10"]
[White "Pane, Gianluca"]
[Black "Biyiasas, Theodore"]
[Result "1/2-1/2"]
[WhiteElo "1811"]
[BlackElo "2150"]
[PlyCount "73"]
[EventDate "2018.??.??"]
[Source "ChessBase"]
[SourceDate "2007.09.04"]

1. d4 Nf6 2. c4 e6 3. Nc3 Bb4 4. Qc2 O-O 5. Nf3 d6 6. Bd2 c5 7. e3 Nc6 8. Be2
a6 9. O-O Ba5 10. a3 h6 11. Rfd1 Qe7 12. d5 exd5 13. Nxd5 Nxd5 14. cxd5 Bxd2
15. dxc6 Ba5 16. b4 cxb4 17. Qa4 Bb6 18. axb4 Rd8 19. b5 bxc6 20. bxc6 a5 21.
Nd4 Re8 22. Rab1 Bc5 23. Rb5 Ba6 24. Rb2 Bxd4 25. Rxd4 Bxe2 26. Rxe2 Qc7 27.
Rb2 Reb8 28. Rdd2 Ra6 29. Rxb8+ Qxb8 30. h3 Qc7 31. Rc2 Rb6 32. g3 Rb4 33. Qa3
Rb6 34. Qa4 Rb4 35. Qa2 Rb6 36. Qc4 g6 37. Kh2 1/2-1/2

[Event "Mechanics' Spring TNM; G/2 d5"]
[Site "San Francisco"]
[Date "2018.03.27"]
[Round "2.31"]
[White "Pane, Gianluca"]
[Black "Capdeville, Barry"]
[Result "1-0"]
[WhiteElo "1811"]
[BlackElo "1173"]
[PlyCount "41"]
[EventDate "2018.??.??"]
[Source "ChessBase"]
[SourceDate "2007.09.04"]

1. d4 d5 2. c4 e6 3. Nc3 Nf6 4. cxd5 exd5 5. Bg5 Be7 6. e3 O-O 7. Bd3 Nbd7 8.
Nf3 Re8 9. O-O Nf8 10. Qc2 c6 11. Bxf6 Bxf6 12. b4 Be6 13. Na4 b6 14. Qxc6 Rc8
15. Qb5 Bd7 16. Qa6 Bxa4 17. Qxa4 Qd7 18. Bb5 Qe7 19. Bxe8 Rxe8 20. Rac1 Qb7
21. Qxe8 1-0

[Event "Mechanics' Summer TNM; G/2 d5"]
[Site "San Francisco"]
[Date "2018.07.03"]
[Round "6.7"]
[White "Pane, Gianluca"]
[Black "Davila, Carlos"]
[Result "1/2-1/2"]
[WhiteElo "1847"]
[BlackElo "2128"]
[PlyCount "107"]
[EventDate "2018.??.??"]
[Source "ChessBase"]
[SourceDate "2007.09.04"]

1. d4 Nf6 2. c4 e6 3. Nc3 Bb4 4. Qc2 c5 5. dxc5 Na6 6. a3 Bxc3+ 7. Qxc3 Nxc5 8.
f3 O-O 9. b4 Na4 10. Qc2 b5 11. Bf4 Nb6 12. c5 Nc4 13. e4 Nh5 14. Bxc4 Nxf4 15.
Bxb5 a5 16. Rd1 axb4 17. axb4 Rb8 {[#]} 18. Bxd7 Bxd7 19. c6 Qb6 20. cxd7 Qxb4+
21. Kf1 Qb5+ 22. Ne2 Rfd8 23. Kf2 e5 24. Nxf4 exf4 25. Qd2 Qc5+ 26. Ke2 Qc4+
27. Ke1 g5 28. h4 Rb7 29. Qe2 Qe6 30. hxg5 Rdxd7 31. Rh6 Qe5 32. Rc6 {
..... seconds for both sides} Qa5+ 33. Kf2 Qa7+ 34. Kf1 Qb8 35. Rxd7 Rxd7 36.
Qc2 Qb5+ 37. Kg1 Qxg5 38. Rc8+ Kg7 39. Rc5 Qd8 40. Qc3+ f6 41. Rg5+ Kh6 42. Rd5
Qb6+ 43. Kh2 Rc7 44. Qd2 Qe3 45. Qb2 Rf7 46. Rd6 Kg6 47. e5 Qe1 48. Qc2+ Kh6
49. Qf5 Qh4+ 50. Qh3 Qxh3+ 51. Kxh3 Kg5 52. Rxf6 Re7 53. Rf8 Rxe5 54. Rg8+
1/2-1/2

[Event "Mechanics' Winter TNM; G/2 d5"]
[Site "San Francisco"]
[Date "2018.01.23"]
[Round "3.25"]
[White "Pane, Gianluca"]
[Black "Hope, Frederick"]
[Result "1-0"]
[WhiteElo "1811"]
[BlackElo "1536"]
[PlyCount "109"]
[EventDate "2018.??.??"]
[Source "ChessBase"]
[SourceDate "2007.09.04"]

1. d4 Nf6 2. c4 g6 3. Nc3 Bg7 4. Nf3 O-O 5. Bg5 d6 6. e3 Nbd7 7. Be2 c5 8. O-O
h6 9. Bh4 a6 10. Qc2 Ne8 11. Rac1 f5 12. dxc5 dxc5 13. Rfd1 g5 14. Bg3 e6 15.
Be5 Qe7 16. Bxg7 Kxg7 17. h3 g4 18. hxg4 fxg4 19. Rxd7 Bxd7 20. Ne5 Qf6 21.
Nxg4 Qf5 22. Qd1 h5 23. Qxd7+ Rf7 24. Qd2 hxg4 25. Bd3 Qe5 26. Ne2 Nd6 27. Nf4
Nf5 28. Qe2 Nh6 29. Ng6 Qg5 30. Bb1 e5 31. Qc2 g3 32. f4 Qh5 33. Nxe5 Qh2+ 34.
Kf1 Qh1+ 35. Ke2 Qxg2+ 36. Kd3 Rd8+ 37. Kc3 Qxc2+ 38. Rxc2 Rf6 39. Rg2 b5 40.
Rxg3+ Kf8 41. Ng6+ Ke8 42. Ne5 Ke7 43. Rg7+ Kf8 44. Rh7 Kg8 45. cxb5 axb5 46.
Rc7 c4 47. Bh7+ Kf8 48. Nd7+ Rxd7 49. Rxd7 Re6 50. e4 Nf7 51. Bf5 Rh6 52. e5
Rh4 53. e6 Rxf4 54. Rxf7+ Ke8 55. Bg6 1-0

[Event "Mechanics' Summer TNM; G/2 d5"]
[Site "San Francisco"]
[Date "2018.06.26"]
[Round "5.15"]
[White "Pane, Gianluca"]
[Black "Huberts, Alexander"]
[Result "1-0"]
[WhiteElo "1847"]
[BlackElo "1694"]
[PlyCount "63"]
[EventDate "2018.??.??"]
[Source "ChessBase"]
[SourceDate "2007.09.04"]

1. d4 Nf6 2. c4 c5 3. d5 e6 4. Nc3 g6 5. Nf3 exd5 6. cxd5 d6 7. g3 Bg7 8. Bg2
O-O 9. O-O Re8 10. Nd2 Nbd7 11. a4 Ne5 12. h3 g5 13. Nde4 h6 14. f4 Nxe4 15.
Nxe4 {[#]} f5 16. fxe5 Bxe5 17. Nc3 Bxg3 18. e4 Be5 19. Qh5 Bg7 20. exf5 Rf8
21. Be4 Qe7 22. Qf3 Bd7 23. Bd2 Be5 24. Rae1 Rf6 25. Nd1 Bxa4 26. Ne3 Bb5 27.
Rf2 Bd4 28. Ng4 Bd7 29. Be3 Be5 30. Rg2 Kh7 31. Nxh6 Rxh6 32. f6+ 1-0

[Event "Mechanics' Winter TNM; G/2 d5"]
[Site "San Francisco"]
[Date "2018.02.20"]
[Round "7.19"]
[White "Pane, Gianluca"]
[Black "Robeal, Rafik"]
[Result "1-0"]
[WhiteElo "1811"]
[BlackElo "1682"]
[Annotator "Donaldson"]
[PlyCount "69"]
[EventDate "2018.??.??"]
[Source "ChessBase"]
[SourceDate "2007.09.04"]

1. d4 d5 2. c4 c6 3. Nf3 Nf6 4. Nc3 dxc4 5. a4 Bf5 6. e3 e6 7. Bxc4 Bb4 8. O-O
O-O 9. Qe2 Nbd7 10. e4 Bg6 11. Bd3 Qc7 12. Bd2 a5 13. Rac1 Qb6 14. e5 Bxd3 15.
Qxd3 Bxc3 16. exf6 Nxf6 $2 (16... Bxd2 17. fxg7 Bxc1 18. gxf8=Q+ Rxf8 19. Rxc1
Nf6 $11) 17. bxc3 c5 18. Rb1 Qc7 19. Qb5 cxd4 20. cxd4 Rfb8 21. Rfc1 Qd6 22.
Bxa5 Nd5 23. Bb4 Qf4 24. h3 b6 25. Bd2 Qe4 26. a5 g5 27. Re1 Qc2 28. Rbc1 Qg6
29. a6 g4 30. Ne5 Qg7 31. hxg4 Kh8 32. Qd7 Kg8 33. a7 Rd8 34. Qb7 Re8 35. g5
1-0